| 000 | 00598nam a22001937a 4500 | ||
|---|---|---|---|
| 008 | 150608b xxu||||| |||| 00| 0 eng d | ||
| 020 | _a0534378625 (alk. paper) | ||
| 041 | 0 | _aeng | |
| 080 | _a514.11 | ||
| 100 |
_aStewart, James, _d1941- |
||
| 245 | 1 | 0 |
_aSingle variable calculus : _cJames Stewart. |
| 246 | 3 | 0 | _aCalculus |
| 250 | _a3rd ed. | ||
| 260 |
_aBelmont, CA : _bThomson Brooks/Cole, _cc2005. |
||
| 300 |
_a642, 124 f.: 1 v. (various pagings) : : _bme il _c27 cm. + _e1 CD-ROM (4 3/4 in.) |
||
| 500 | _aIncludes index. | ||
| 650 | 0 | _aKalkulus | |
| 942 |
_2udc _cBK |
||
| 999 |
_c1005 _d1005 |
||